000 00529nam a2200181Ia 4500
005 20250508151800.0
008 008 250505s9999 xx 000 0 hin d
037 _aBooks to be hide in OPAC
040 _aFEDL
_beng
_cFEDL
041 _ahin
_2eng
084 _a891.43, TAN/O
_qFEDL
100 _aTandon Prem Narayan
_9759978
245 0 _aHindi rachna ki jhanki
260 _aMathura, India
_bSaraswati Prakashan Karyalaya
_c1951
300 _a481p.
942 _cHB
_h891.43, TAN/O
999 _c1332119
_d1332119